Introducción a Tomás de Aquino

Enregistré dans:
Détails bibliographiques
Auteur principal: Ramírez, Santiago (Auteur)
Format: Livre
Langue:espagnol
Publié: Madrid B.A.C 1975
Sujets:
Tags: Ajouter un tag
Pas de tags, Soyez le premier à ajouter un tag!

MARC

LEADER 00000nam a2200000 a 4500
001 UCZ2587
003 CL-VaPUC
008 951005e19750000SP |||||||||||||||||spa|d
082 0 4 |a 189.4  |b RAM  |2 21 
100 0 |a Ramírez, Santiago  |e author  |9 346366 
245 1 0 |a Introducción a Tomás de Aquino 
300 |a 341 p 
942 |c BK 
945 |d 19951005 00:00:00  |a cmena 
260 |a Madrid  |b B.A.C  |c 1975 
600 0 |a Tomás de Aquino  |d 1220-1274  |c Santo  |9 255832 
650 0 |a Biografías  |9 255210 
650 7 |a DOCTRINAS RELIGIOSAS  |2 CL-VaPUC  |9 337177 
650 0 |a Tomismo  |9 259214 
650 0 |a Escuelas filosóficas   |9 266232 
583 |a last modification  |c 19951005 00:00:00  |k Rodrigo Vera 
999 |c 239158  |d 239156 
952 |0 0  |1 0  |4 0  |6 189_400000000000000_RAM_1975  |7 0  |8 A  |9 250023  |a BIBEDU  |b BIBEDU  |d 2019-11-18  |i 1568485  |l 2  |m 1  |o 189.4 RAM 1975  |p 1568485  |r 2024-04-02  |s 2024-03-22  |w 2019-11-18  |y BK  |k FIL